[Event "Stara Lubovna op"]
[Site "Stara Lubovna"]
[Date "2014.04.09"]
[Round "4"]
[White "Macko, Michal"]
[Black "Brnusak, Pavol"]
[Result "1-0"]
[WhiteElo "2201"]
[BlackElo "1703"]
[PlyCount "71"]
[EventDate "2014.04.06"]
[EventType "swiss"]
[EventRounds "7"]
[EventCountry "SVK"]
[SourceTitle "CBM 160 Extra"]
[Source "ChessBase"]
[SourceDate "2014.07.01"]
[SourceVersion "1"]
[SourceVersionDate "2014.07.01"]
[SourceQuality "1"]

1. e4 e5 2. Bc4 Nf6 3. d3 d5 4. exd5 Nxd5 5. Nf3 Nc6 6. 0-0 Be6 7. Ng5 Qd7 8. Nxe6 Qxe6 9. Nc3 Nce7 10. Re1 g6 11. Qf3 0-0-0 12. Bg5 c6 13. Bxd5 cxd5 14. Bf6 Nf5 15. Bxh8 f6 16. Bxf6 Nd4 17. Qh3 Qxh3 18. gxh3 Nf3+ 19. Kf1 Nxe1 20. Bxd8 Nxc2 21. Rc1 Nb4 22. Bf6 Kd7 23. Bxe5 Nxd3 24. Re1 Nxe1 25. Kxe1 Bb4 26. Ke2 Ke6 27. Bb8 Bxc3 28. bxc3 a6 29. Kd3 Kd7 30. Kd4 Kc6 31. f4 b5 32. h4 Kb7 33. Be5 Kc6 34. h5 a5 35. hxg6 hxg6 36. h4 1-0